Simple questions, simple answers : (Record no. 319)

000 -LEADER
fixed length control field nam a22 a 4500
003 - CONTROL NUMBER IDENTIFIER
control field AKMAL
005 - DATE AND TIME OF LATEST TRANSACTION
control field 20170503111532.0
008 - FIXED-LENGTH DATA ELEMENTS--GENERAL INFORMATION
fixed length control field 170503s1998 my 00 eng d
020 ## - INTERNATIONAL STANDARD BOOK NUMBER
International Standard Book Number 9835803528 (pbk. ):
Terms of availability RM20.00
040 ## - CATALOGING SOURCE
Original cataloging agency AKMAL
082 04 - DEWEY DECIMAL CLASSIFICATION NUMBER
Classification number 005.72 RON
Edition number 21
090 00 - LOCALLY ASSIGNED LC-TYPE CALL NUMBER (OCLC); LOCAL CALL NUMBER (RLIN)
Classification number (OCLC) (R) ; Classification number, CALL (RLIN) (NR) 005.72
Local cutter number (OCLC) ; Book number/undivided call number, CALL (RLIN) RON
100 1# - MAIN ENTRY--PERSONAL NAME
Personal name Xie, Rong
9 (RLIN) 725
245 10 - TITLE STATEMENT
Title Simple questions, simple answers :
Remainder of title about HTML & Web page design /
Statement of responsibility, etc. Xie Rong
260 ## - PUBLICATION, DISTRIBUTION, ETC.
Place of publication, distribution, etc. Shah Alam :
Name of publisher, distributor, etc. Federal Publications,
Date of publication, distribution, etc. 1998
300 00 - PHYSICAL DESCRIPTION
Extent xi, 230ms. :
Other physical details ill. ;
Dimensions 25cm
500 ## - GENERAL NOTE
General note Includes index
650 #0 - SUBJECT ADDED ENTRY--TOPICAL TERM
Topical term or geographic name entry element HTML (Document markup language)
General subdivision Miscellanea
9 (RLIN) 726
942 ## - ADDED ENTRY ELEMENTS (KOHA)
Source of classification or shelving scheme
Koha item type Book
Holdings
Withdrawn status Lost status Source of classification or shelving scheme Damaged status Not for loan Collection code Home library Current library Shelving location Date acquired Inventory number Total Checkouts Full call number Barcode Date last seen Price effective from Koha item type
          NON-FICTION AKMAL Melaka AKMAL Melaka PINJAMAN 03.05.2017 000607   005.72 RON 201701180 03.05.2017 03.05.2017 Book
          NON-FICTION AKMAL Melaka AKMAL Melaka PINJAMAN 03.05.2017 000639   005.72 RON 201701179 03.05.2017 03.05.2017 Book
Pusat Sumber Maklumat Dato' Haji Sarmin Md Hussin, Akademi Kastam Diraja Malaysia, Melaka
Tel: 06-2331106 | Faks: 06-2313787